Teoría de la literatura de los formalistas rusos : Jakobson, Tinianov, Eichenbaum, Brik, Shklovski, Vinogradov, Tomashevski, Propp /
Guardado en:
| Otros Autores: | |
|---|---|
| Formato: | Libro |
| Publicado: |
Buenos Aires :
Signos,
1970.
|
| Materias: | |
| Etiquetas: |
Agregar Etiqueta
Sin Etiquetas, Sea el primero en etiquetar este registro!
|
| LEADER | 00759nam a22001815a 4500 | ||
|---|---|---|---|
| 001 | EHU.bham006721 | ||
| 008 | 130507s1970##################000#0#####d | ||
| 005 | 20240809073338.0 | ||
| 245 | 1 | 0 | |a Teoría de la literatura de los formalistas rusos : |b Jakobson, Tinianov, Eichenbaum, Brik, Shklovski, Vinogradov, Tomashevski, Propp / |c antología preparada por Tzvetan Todorov ; trad. por Ana María Nethol. |
| 260 | |a Buenos Aires : |b Signos, |c 1970. | ||
| 300 | |a 235 p. | ||
| 700 | 1 | |a Todorov, Tzvetan, antolog. | |
| 082 | 8 | 0 | |a 801 T569 |
| 653 | |a Literatura-teoría de la | ||
| 653 | |a Formalismo ruso | ||
| 653 | |a Crítica literaria | ||
| 859 | |a AR-BHAM |b BIB. HUMANIDADES - General |h 801 |i T569 |p 488.91 |t Ej.1 | ||
| 859 | |a AR-BHAM |b BIB. HUMANIDADES - General |h 801 |i T569 |p 596.71 |t Ej.1 | ||
